000 00378nam a2200145 i 4500
001 bg
100 1 _aNADOLSKI, W.
245 0 _aPewne przypadki wielokrotnych zderzeń prętów sprężystych /
_cW. Nadolski, A. Pielorz.
260 _aWarszawa,
_c1979.
700 1 _aPIELORZ, A.
040 _cBPK
041 _apol
942 _cKS
008 s pl f |000 0 pol
999 _c21295
_d21295
856 _uhttp://koha.tu.koszalin.pl/cgi-bin/koha/opac-detail.pl?biblionumber=21295
_yKatalog online BPK